Statistics for Best TV Shows

Click here to take the quiz!

General Stats

  • This quiz has been taken 270 times
  • The average score is 14 of 25

Answer Stats

RankTV ShowGenreMain Character/Actor or Actress% Correct
#2FriendsComedy/RomanceRachel Green-Jennifer Anniston
94%
#1Breaking BadCrime/Drama/ThrillerWalter White-Bryan Cranston
87%
#9The Big Bang TheoryComedySheldon Cooper-Jim Parsons
82%
#13SherlockCrime/Drama/MysterySherlock Holmes-Benedict Cumberbatch
81%
#4SeinfeldComedyJerry Seinfeld-Jerry Seinfeld
80%
#15DexterCrime/Drama/MysteryDexter Morgan-Michael C. Hall
75%
#3Game of ThronesDrama/FantasyTyrion Lannister-Peter Dinklage
74%
#12HouseDrama/MysteryDr. Gregory House-Hugh Laurie
74%
#21The SopranosCrime/DramaTony Soprano-James Gandolfini
74%
#5The Office (US)ComedyJim Halpert-John Krasinski
71%
#10Doctor WhoAdventure/DramaThe Doctor-David Tennant
65%
#7How I Met Your MotherComedy/RomanceTed Mosby-Josh Radnor
64%
#8The Walking DeadDrama/Horror/Sci-FiRick Grimes-Andrew Lincoln
59%
#14The X-FilesDrama/Mystery/Sci-FiDana Scully-Gillian Anderson
54%
#20Modern FamilyComedyClaire Dunphy-Julie Bowen
53%
#2424Action/Crime/DramaJack Bauer-Kiefer Sutherland
48%
#11SupernaturalDrama/Fantasy/HorrorSam Winchester-Jared Padalecki
42%
#16That 70's ShowComedyEric Forman-Topher Grace
39%
#18Once Upon a TimeAdventure/Fantasy/RomanceEmma Swan-Jennifer Morrison
37%
#17The Vampire DiariesDrama/Fantasy/HorrorStefan Salvatore-Paul Wesley
36%
#6LostAdventure/Drama/FantasySayid Jarrah-Naveen Andrews
33%
#25Prison BreakAction/Crime/DramaLincoln Burrows-Dominic Purcell
30%
#22The WireCrime/Drama/ThrillerJames McNulty-Dominic West
26%
#23The Twilight ZoneFantasy/Horror/MysteryNarrator-Rod Serling
24%
#19Saturday Night LiveComedy/MusicDon Pardo-Don Pardo
9%

Score Distribution

Percentile by Number Answered

Percent of People with Each Score

Your Score History

You have not taken this quiz